00570nam a22001817a 450000500170000000800430001702000160006005000190007610000240009524500510011925000110017026000460018130000330022749000250026050400510028565000310033665000210036720231009123637.0180917t1969 nyua gr|||| 00| 0 eng|| u a 019881163204aHC26bH53 19691 aHicks, John,eautor12aA Theory of economic history c/ by John Hicks a1a ed. aOxford :bOxford University Press, c1969 avii, 181 p. :bil. ;c20 cm.0 aClarendon Paperbacks aIncluye apéndice, bibliografías e índice 7aHistoria económica2lemb 7aEconomía2lemb